Incollable #36 - Découverte du monde - Statistiques

Statistiques générales
  • Ce quiz a été pris 381 fois
  • Le résultat moyen est 8 sur 10
Statistiques - réponses
Niveaux Questions Réponses % Correct
CE2 Dans quel pays se trouve Washington ? Aux États-Unis
99%
CM1 Quelle est la capitale de l’Allemagne ? Berlin
99%
CM2 Quel drapeau européen représente une croix blanche sur un fond rouge ? Le drapeau suisse
93%
CE2 Comment appelle-t-on la partie rose à la base des dents ? La gencive
92%
CM2 Combien d’étoile compte notre système solaire ? Une seule: le Soleil
91%
CE1 Comment appelle-t-on l’articulation qui permet de bouger le pied ? La cheville
90%
Collège Quelle capitale est traversée par la Tamise ? Londres
85%
CE1 Que sont les trompettes-de-la-mort ? Des champignons
82%
Lycée Avec quelle unité mesuré-t-on la consommation d’électricité ? Le kilowattheure (kWh)
35%
Lycée Quelle île de la baie de New-York accueillait les migrants européens entre 1892 et 1954 ? Ellis Island
23%
Aucun quiz correspondant
Distribution des résultats
% des personnes avec chaque résultat
Percentile par nombre de réponses
Votre historique - résultats
Vous n’avez pas pris ce quiz